| 000 | 00578nam a22001937a 4500 | ||
|---|---|---|---|
| 008 | 220401b |||||||| |||| 00| 0 eng d | ||
| 020 | _a9781439169605. | ||
| 050 | _aQB981.F67 2011 | ||
| 100 |
_aFrank, Adam _951133 |
||
| 245 |
_aAbout time _bCosmology and culture at the twilight of the big bang _cAdam Frank |
||
| 260 |
_aNew York: _bFree Press, _c2011. |
||
| 300 |
_axxxiii,406p.; _c21cm. |
||
| 650 | _acosmology | ||
| 650 |
_aBig bang theory _914315 |
||
| 650 |
_abeginning _96793 |
||
| 650 |
_aLife _xOrigin |
||
| 650 |
_aSpace and time _92213 |
||
| 942 |
_2lcc _cMONOGRAPH |
||
| 999 |
_c131203 _d131203 |
||